Systémový prístup ku kvalite
Kvalita musí byť neoddeliteľnou súčasťou všetkých procesov v podniku. Riadenie kvality je najefektívnejšie prostredníctvom postupnej integrácie procesov Juranovej trilógie – plánovanie kvality, kontrola kvality a zlepšovanie kvality. Tento ucelený a systematický prístup je v ostrom kontraste s roztr...
Gespeichert in:
| 1. Verfasser: | |
|---|---|
| Format: | Buchkapitel |
| Sprache: | Slowakisch |
| Schlagworte: | |
| Tags: |
Keine Tags, Fügen Sie das erste Tag hinzu!
|
MARC
| LEADER | 00000nla a2200000 4500 | ||
|---|---|---|---|
| 001 | 0228931 | ||
| 005 | 20220322100847.0 | ||
| 041 | 0 | |a slo | |
| 044 | |a SK | ||
| 245 | 1 | 0 | |a Systémový prístup ku kvalite |c Denisa Malá |
| 520 | |a Kvalita musí byť neoddeliteľnou súčasťou všetkých procesov v podniku. Riadenie kvality je najefektívnejšie prostredníctvom postupnej integrácie procesov Juranovej trilógie – plánovanie kvality, kontrola kvality a zlepšovanie kvality. Tento ucelený a systematický prístup je v ostrom kontraste s roztrieštenými a nejednotnými prístupmi z minulosti. | ||
| 610 | 2 | 0 | |a kvalita |
| 610 | 2 | 0 | |a kontrola kvality |
| 610 | 2 | 0 | |a normy kvality |
| 610 | 2 | 0 | |a stupne kvality |
| 610 | 2 | 0 | |a systém riadenia kvality |
| 610 | 2 | 0 | |a riadenie kvality |
| 610 | 2 | 0 | |a procesy podnikové |
| 100 | 1 | |a Malá, Denisa | |